Great philosophers of education (Record no. 1024)
| 000 -LEADER | |
|---|---|
| fixed length control field | 00521nam a22001937a 4500 |
| 003 - CONTROL NUMBER IDENTIFIER | |
| control field | OSt |
| 005 - DATE AND TIME OF LATEST TRANSACTION | |
| control field | 20140116120843.0 |
| 008 - FIXED-LENGTH DATA ELEMENTS--GENERAL INFORMATION | |
| fixed length control field | 121101b xxu||||| |||| 00| 0 eng d |
| 020 ## - INTERNATIONAL STANDARD BOOK NUMBER | |
| International Standard Book Number | 9788131310298 |
| 040 ## - CATALOGING SOURCE | |
| Original cataloging agency | LoC |
| Language of cataloging | English |
| 050 ## - LIBRARY OF CONGRESS CALL NUMBER | |
| Classification number | LB1025.2 .K86 2011 |
| 100 ## - MAIN ENTRY--PERSONAL NAME | |
| Personal name | Kumar, P.T |
| 245 ## - TITLE STATEMENT | |
| Title | Great philosophers of education |
| Statement of responsibility, etc | Pradeep Kumar |
| 260 ## - PUBLICATION, DISTRIBUTION, ETC. (IMPRINT) | |
| Place of publication, distribution, etc | New Dehli |
| Name of publisher, distributor, etc | A.P.H publishing company. |
| 300 ## - PHYSICAL DESCRIPTION | |
| Extent | v.: 119p. |
| Other physical details | ill. |
| 501 ## - WITH NOTE | |
| With note | Includes references |
| 650 ## - SUBJECT ADDED ENTRY--TOPICAL TERM | |
| Topical term or geographic name as entry element | Educational philosophers |
| 942 ## - ADDED ENTRY ELEMENTS (KOHA) | |
| Source of classification or shelving scheme | |
| Koha item type | Book |
| Withdrawn status | Lost status | Source of classification or shelving scheme | Damaged status | Not for loan | Home library | Current library | Date acquired | Total Checkouts | Total Renewals | Full call number | Barcode | Date last seen | Date checked out | Copy number | Price effective from | Koha item type |
|---|---|---|---|---|---|---|---|---|---|---|---|---|---|---|---|---|
| Riara University Library | Riara University Library | 01/11/2012 | 5 | 2 | LB1025.2.K86 2011 | 3520/12 | 07/06/2017 | 27/10/2014 | C.1 | 01/11/2012 | Book | |||||
| Riara University Library | Riara University Library | 01/11/2012 | 13 | 4 | LB1025.2.K86 2011 | 3519/12 | 21/11/2017 | 13/11/2017 | C.2 | 01/11/2012 | Book |
